| 000 | 00553nam a22001817a 4500 | ||
|---|---|---|---|
| 003 | CEME | ||
| 005 | 20210628210652.0 | ||
| 008 | 210105b xxu||||| |||| 00| 0 eng d | ||
| 020 | _a8177589776 | ||
| 040 | _c. | ||
| 082 | _a621.38152 PIE | ||
| 100 |
_aPierret, Robert F. _961194 |
||
| 245 | _aSemiconductor device fundamentals,with computer based exercises and homework problems | ||
| 260 |
_aINDIA _bPEARSON EDUCATION _c2006 |
||
| 300 | _aXXIII, 792P. | ||
| 650 |
_aSEMICONDUCTOR DEVICE.SEMICONDUCTOR DEVICE FUNDAMENTALS _980444 |
||
| 942 |
_cBK _2ddc |
||
| 999 |
_c585375 _d585375 |
||